Znani Polacy #2 - Statystyki

Ogólne statystyki
  • Ten quiz został rozwiązany 8 666 razy
    8 557 od ostatniego zresetowania
  • Średni wynik to 14 z 22
Statystyki odpowiedzi
Wskazówka Imię i nazwisko % Poprawnych
Twórca heliocentrycznego modelu Układu Słonecznego Mikołaj Kopernik
98%
Pierwszy władca Polski Mieszko I
97%
,,Zastał Polskę drewnianą, a zostawił murowaną" Kazimierz Wielki
89%
Premier w latach 2017–2023 Mateusz Morawiecki
88%
Twórca fundacji WOŚP Jerzy Owsiak
87%
Najbardziej utytułowany Polski kierowca F1 Robert Kubica
82%
Pierwsza Polska medalistka olimpijska w tenisie oraz kilkukrotnazwyciężczyni French Open Iga Świątek
77%
Napisał Mazurek Dąbrowskiego Józef Wybicki
74%
Zdobywczyni Nobla w literaturze w 2018 roku Olga Tokarczuk
71%
Pierwszy Marszałek Polski oraz twarz niepodległości Józef Piłsudski
66%
Najdłużej urzędujący premier w 3 RP Donald Tusk
65%
Polski dowódca w bitwie pod Wiedniem w 1683 roku Jan III Sobieski
61%
Prymas oraz kardynał podczas nominacji Jana Pawła II na papieża Stefan Wyszyński
59%
Najbardziej utytułowany polski szachista Jan Krzysztof Duda
56%
Reżyser filmu ,,Pianista'' Roman Polański
51%
Dowódczyni, która zginęła podczas powstania listopadowego, upamiętniona w tekście Mickiewicza Emilia Plater
43%
Pierwszy Premier III RP Tadeusz Mazowiecki
40%
Napisał ,,Króla Maciusia I", zginął w obozie zagładyz dziećmi Janusz Korczak
39%
Wynalazca lampy naftowej Ignacy Łukasiewicz
36%
Premier na uchodźstwie, który zginął w katastrofiesamolotu Władysław Sikorski
32%
Ostatni dyktator powstania Styczniowego Romuald Traugutt
30%
Przepłynął Atlantyk, Bałtyk i jezioro Bajkał kajakiem Aleksander Doba
26%
Nie znaleziono quizów pasujących do podanych kryteriów
Rozkład punktacji
Procent ludzi z każdym wynikiem
Percentyl według liczby udzielonych odpowiedzi
Twoja historia wyników
Nie rozwiązałeś tego quizu od ostatniego zresetowania